• 首页
  • 本馆介绍
  • 公告通知
  • 最新文献
  • 馆藏检索
  • 电子资源
  • 读者导购
  • 参考咨询
  • 我的图书馆
  • 登录
  • 详细信息显示
  • 放入我的书架
  • 预约/预借图书
  • 作者相关作品
  • 分类相关作品
  • 丛书相关作品
  • 出版社相关作品

书目信息

  • 表格格式
  • 工作单格式
  • 卡片格式
题名:
比较文学概论
    
 
作者: 陈淳 著
分册:  
出版信息: 北京   北京师范大学出版社  1988.12
页数: 394页
开本: 21cm
丛书名:
单 册:
中图分类: I0
科图分类:
主题词: 文学理论
电子资源:
ISBN: 7-303-00330-4
000 00558nam0 2200205 45
001 0404241787
005 20041119112831.2
010    @a7-303-00330-4@dCNY2.70
100    @a20040424d1988 km y0chiy0120 ea
101 0  @achi
105    @a z 000yy
200 1  @a比较文学概论@ABi Jiao Wen Xue Gai Lun@f陈淳等著@FChen Chun Deng Zhu
210    @a北京@c北京师范大学出版社@d1988.12
215    @a394页@d21cm
300    @a高等学校文科教材
606 0  @a文学理论
690    @aI0@v3
701  0 @a陈淳@4著
801    @aCN@bTSTCL@c20040424
905    @dI0@e133@f1@b218440
    
    比较文学概论/陈淳等著.-北京:北京师范大学出版社,1988.12
    394页;21cm
    高等学校文科教材
    
    ISBN 7-303-00330-4:CNY2.70
    
●
相关链接 在E读中查询图书 在五车中查询图书 在当当中查询图书 在豆瓣中查询图书


正题名:比较文学概论     索取号:I0/133         预约/预借

序号 登录号 条形码 馆藏地/架位号 状态 备注
1 0218439   000900975   第二借阅区/ [索取号:I0/133] 在馆    
2 0218440   000901037   第二借阅区/ [索取号:I0/133] 在馆    
3 0218441   000901046   第二借阅区/ [索取号:I0/133] 在馆    
4 0218442   000900984   第二借阅区/ [索取号:I0/133] 在馆    
5 0218443   202070196   第一样本阅览室/ [索取号:I0/133] 在馆    
唐山师范学院图书馆 欢迎您!
大连网信软件有限公司© 版权所有